साँसों के साये / (Record no. 14337)

MARC details
000 -LEADER
fixed length control field 01410nam a22002657a 4500
005 - DATE AND TIME OF LATEST TRANSACTION
control field 20080709113244.0
008 - FIXED-LENGTH DATA ELEMENTS--GENERAL INFORMATION
fixed length control field 080709t xxu||||| |||| 00| f hin d
010 ## - LCCN (DPL NO)
LC control number HIN-83801
020 ## - INTERNATIONAL STANDARD BOOK NUMBER
Terms of availability 125.00
035 ## - SYSTEM CONTROL NUMBER
System control number HN-56147
037 ## - SOURCE OF ACQUISITION
Source of stock number/acquisition DBAD / pub
040 ## - CATALOGING SOURCE
Original cataloging agency DPL
Language of cataloging HN
082 ## - DEWEY DECIMAL CLASSIFICATION NUMBER
Classification number
100 ## - MAIN ENTRY--PERSONAL NAME
Personal name वर्मा, मदन लाल
245 ## - TITLE STATEMENT
Title साँसों के साये /
Statement of responsibility, etc मदन लाल वर्मा
246 ## - VARYING FORM OF TITLE
Title proper/short title Sanson ke Saya
Remainder of title by Madan Lal Verma
260 ## - PUBLICATION, DISTRIBUTION, ETC. (IMPRINT)
Place of publication, distribution, etc नई दिल्ली
Name of publisher, distributor, etc लिट्रेसी हाऊस
Date of publication, distribution, etc 2005
270 ## - ADDRESS
Address आई-2/16, मेन अंसारी रोड, दरियागंज
City नई दिल्ली
Postal code 110002
Telephone number 23280234
Electronic mail address kkpdevinder@vsnl.net
300 ## - PHYSICAL DESCRIPTION
Extent 120पृ
Dimensions 22सेमी(सजिल्द)
500 ## - GENERAL NOTE
General note समान ISBN 8188435139 शीर्षक 'मुस्लिम परिवेश की विशिष्ट कहानियाँ '
500 ## - GENERAL NOTE
General note हरियाणा साहित्य अकादमी द्वारा पुरस्कृत उपन्यास
650 ## - SUBJECT ADDED ENTRY--TOPICAL TERM
Topical term or geographic name as entry element Hindi Novels
942 ## - ADDED ENTRY ELEMENTS (KOHA)
Source of classification or shelving scheme Dewey Decimal Classification
Item type Hindi Books
Classification part
Call number suffix वर्माम
Holdings
Withdrawn status Lost status Source of classification or shelving scheme Damaged status Not for loan Collection code Home library Current library Date acquired Source of acquisition Cost, normal purchase price Total Checkouts Full call number Barcode Date last seen Copy number Cost, replacement price Koha item type
    Dewey Decimal Classification   Not For Loan Fiction D.B.Act.Division D.B.Act.Division 09/07/2008 पु.प्र.अ.प्र /प्रका 125.00   उ वर्माम HN-56147 15/09/2008 1 125.00 Hindi Books

© Delhi Public Library
Hit Counter
free hit counter